00406nam a22001217a 4500008004100000040005500041080001800096245005100114260005600165300001500221650002100236653002700257230328b |||||||| |||| 00| 0 eng d aNational Science LibrarycNational Science Library aD 681.324bN0 aArtificial neural networks: bConcept learning aWashington: bIEEE Computer Society Press , c1990 avii, 141p. aComputer science aInformation technology